Grey’s Anatomy characters - Sudden Death - Statistics

General Stats
  • This quiz has been taken 679 times
  • The average score is 8 of 11
Answers on the Grid
Answers color-coded by a green-red scale on the quiz's grid according to % correct below.
Meredith Grey
Derek Shepherd
Alex Karev
Mark Sloan
Levi Schmitt
Andrew DeLuca
Josephine Wilson
Maggie Pierce
Mika Yasuda
April Kepner
Jackson Avery
Lisa Cuddy
Allison Cameron
Lawrence Kutner
Susan Lewis
Doug Ross
Helen Sharpe
Elizabeth Wilder
Floyd Reynolds
Aaron Glassman
Audrey Lim
Claire Browne
Conrad Hawkins
Ian Sullivan
Eleanor O'Hara
Carrie Roman
Bernard Prince
Julian Lynn
 
Answer Stats
Answer % Correct
Derek Shepherd
87%
Mark Sloan
85%
Andrew DeLuca
83%
Meredith Grey
81%
Alex Karev
79%
Jackson Avery
79%
April Kepner
77%
Maggie Pierce
75%
Josephine Wilson
66%
Levi Schmitt
61%
Mika Yasuda
42%
No matching quizzes found
Score Distribution
Percent of People with Each Score
Percentile by Number Answered
Your Score History
You have not taken this quiz